Оценка развития экономических систем в условиях трансформации социума: монография

מידע ביבליוגרפי
מחבר ראשי: Силифонова Е. В. Екатерина Валерьевна
מחבר תאגידי: Национальный исследовательский Томский политехнический университет (ТПУ)
מחברים אחרים: Барышева Г. А. Галина Анзельмовна (редактор)
סיכום:В монографии рассматриваются вопросы анализа особенностей и проблем применения существующих методик оценки экономических систем, определения роли основных факторов развития экономических систем, отражающих процесс создания инноваций как ключевой детерминанты эволюции системы, особенности проведения анализа инновационной составляющей развития экономических систем и секторального анализа структурных изменений, на основе авторской методики Предназначена для научных работников, преподавателей, аспирантов, магистрантов, студентов и специалистов, интересующихся проблемами развития экономических систем и методик его оценки.
שפה:רוסית
יצא לאור: Томск, STT, 2016
סדרה:Благополучие: экономика и социум
נושאים:
פורמט: ספר
KOHA link:https://koha.lib.tpu.ru/cgi-bin/koha/opac-detail.pl?biblionumber=342458

MARC

LEADER 00000nam0a2200000 4500
001 342458
005 20240214132239.0
010 |a 9785936295720 
035 |a (RuTPU)RU\TPU\book\371508 
090 |a 342458 
100 |a 20190301d2016 k y0rusy50 ca 
101 0 |a rus 
102 |a RU 
105 |a a z 001zy 
200 1 |a Оценка развития экономических систем в условиях трансформации социума  |e монография  |f Е. В. Силифонова  |g Национальный исследовательский Томский политехнический университет (ТПУ) ; под ред. Г. А. Барышевой 
210 |a Томск  |c STT  |d 2016 
215 |a 128 с.  |c ил. 
225 1 |a Благополучие: экономика и социум 
320 |a Библиогр.: с. 108-111 
330 |a В монографии рассматриваются вопросы анализа особенностей и проблем применения существующих методик оценки экономических систем, определения роли основных факторов развития экономических систем, отражающих процесс создания инноваций как ключевой детерминанты эволюции системы, особенности проведения анализа инновационной составляющей развития экономических систем и секторального анализа структурных изменений, на основе авторской методики Предназначена для научных работников, преподавателей, аспирантов, магистрантов, студентов и специалистов, интересующихся проблемами развития экономических систем и методик его оценки. 
606 1 |a Экономические системы  |x Макроэкономика  |2 stltpush  |3 (RuTPU)RU\TPU\subj\64456  |9 81351 
610 1 |a экономика 
610 1 |a оценка 
610 1 |a развивающиеся системы 
610 1 |a социум 
610 1 |a экономический анализ 
610 1 |a благополучие 
610 1 |a социально-экономические системы 
610 1 |a секторальный анализ 
610 1 |a экономические индексы 
610 1 |a монографии 
610 1 |a труды учёных ТПУ 
686 |a У012.2  |2 rubbk 
700 1 |a Силифонова  |b Е. В.  |c экономист  |c доцент Томского политехнического университета, кандидат экономических наук  |f 1986-  |g Екатерина Валерьевна  |3 (RuTPU)RU\TPU\pers\36050  |9 19187 
702 1 |a Барышева  |b Г. А.  |c экономист  |c профессор Томского политехнического университета, доктор экономических наук  |f 1961-  |g Галина Анзельмовна  |3 (RuTPU)RU\TPU\pers\25765  |4 340  |9 11658 
712 0 2 |a Национальный исследовательский Томский политехнический университет (ТПУ)  |c (2009- )  |3 (RuTPU)RU\TPU\col\15902 
801 1 |a RU  |b 63413507  |c 20190301 
801 2 |a RU  |b 63413507  |c 20190318  |g RCR 
942 |c BK